MARC details
| 000 -LEADER |
| fixed length control field |
01739nam a2200481 a 4500 |
| 001 - CONTROL NUMBER |
| control field |
20669 |
| 003 - CONTROL NUMBER IDENTIFIER |
| control field |
VRT |
| 005 - DATE AND TIME OF LATEST TRANSACTION |
| control field |
20260128151007.0 |
| 008 - FIXED-LENGTH DATA ELEMENTS--GENERAL INFORMATION |
| fixed length control field |
100412s2009 xo o f f 000 0 slo d |
| 020 ## - INTERNATIONAL STANDARD BOOK NUMBER |
| International Standard Book Number |
9788096969012 (brož.) |
| 035 ## - SYSTEM CONTROL NUMBER |
| System control number |
(VRT)vtls010066560 |
| 039 #9 - LEVEL OF BIBLIOGRAPHIC CONTROL AND CODING DETAIL [OBSOLETE] |
| Level of rules in bibliographic description |
202001281343 |
| Level of effort used to assign nonsubject heading access points |
veronika |
| Level of effort used to assign subject headings |
201006090834 |
| Level of effort used to assign classification |
hana |
| Level of effort used to assign subject headings |
201006021256 |
| Level of effort used to assign classification |
argo |
| Level of effort used to assign subject headings |
201004120940 |
| Level of effort used to assign classification |
edita |
| 040 ## - CATALOGING SOURCE |
| Original cataloging agency |
SVKBB |
| Language of cataloging |
slo |
| Transcribing agency |
UKB |
| Description conventions |
AACR2 |
| 041 1# - LANGUAGE CODE |
| Language code of text/sound track or separate title |
slo |
| Language code of original |
slv |
| 044 ## - COUNTRY OF PUBLISHING/PRODUCING ENTITY CODE |
| MARC country code |
xo |
| ISO country code |
SK |
| 072 #7 - SUBJECT CATEGORY CODE |
| Subject category code |
613 |
| Subject category code subdivision |
Hygiena. Ľudské zdravie |
| Source |
konspekt |
| 072 #7 - SUBJECT CATEGORY CODE |
| Subject category code |
641 |
| Subject category code subdivision |
Kuchárstvo. Potraviny. Varené jedlá |
| Source |
konspekt |
| 080 ## - UNIVERSAL DECIMAL CLASSIFICATION NUMBER |
| Universal Decimal Classification number |
641.561 |
| Edition identifier |
2001 |
| 080 ## - UNIVERSAL DECIMAL CLASSIFICATION NUMBER |
| Universal Decimal Classification number |
(083.12) |
| Edition identifier |
2001 |
| 080 ## - UNIVERSAL DECIMAL CLASSIFICATION NUMBER |
| Universal Decimal Classification number |
613.24 |
| Edition identifier |
2001 |
| 100 1# - MAIN ENTRY--PERSONAL NAME |
| Personal name |
Hrobat, Breda |
| 240 10 - UNIFORM TITLE |
| Uniform title |
90-dnevna ločevalna dieta. |
| Name of part/section of a work |
Naslednjih 90 dni. |
| Language of a work |
Slovensky |
| 245 10 - TITLE STATEMENT |
| Title |
90-dňová rozlišovacia diéta |
| Remainder of title |
chutné jedlá na ďalších 90 dní |
| Number of part/section of a work |
Druhý diel |
| Name of part/section of a work |
Ďalších 90 dní : ako si udržať dosiahnutú hmotnosť |
| Statement of responsibility, etc. |
[Breda Hrobat, Mojca Poljanšek ; zo slovinského originálu preložila a upravila Marianna Lesič] |
| 246 3# - VARYING FORM OF TITLE |
| Title proper/short title |
Deväťdesiatdňová rozlišovacia diéta |
| 246 30 - VARYING FORM OF TITLE |
| Title proper/short title |
Ďalších 90 dní |
| 250 ## - EDITION STATEMENT |
| Edition statement |
2. vyd. |
| 260 ## - PUBLICATION, DISTRIBUTION, ETC. |
| Place of publication, distribution, etc. |
Bratislava |
| Name of publisher, distributor, etc. |
Trysk |
| Date of publication, distribution, etc. |
2009 |
| 300 ## - PHYSICAL DESCRIPTION |
| Extent |
XI, 91 s. |
| Other physical details |
il. |
| 650 07 - SUBJECT ADDED ENTRY--TOPICAL TERM |
| Topical term or geographic name entry element |
redukčné diéty |
| Source of heading or term |
UKBPH |
| 650 07 - SUBJECT ADDED ENTRY--TOPICAL TERM |
| Topical term or geographic name entry element |
oddelená strava |
| Source of heading or term |
SVKBBPH |
| 650 07 - SUBJECT ADDED ENTRY--TOPICAL TERM |
| Topical term or geographic name entry element |
jedlá |
| Source of heading or term |
SVKBBPH |
| 653 ## - INDEX TERM--UNCONTROLLED |
| Uncontrolled term |
641.561 |
| 653 ## - INDEX TERM--UNCONTROLLED |
| Uncontrolled term |
613.24 |
| 653 ## - INDEX TERM--UNCONTROLLED |
| Uncontrolled term |
(083.12) |
| 655 #7 - INDEX TERM--GENRE/FORM |
| Genre/form data or focus term |
kuchárske knihy |
| Source of term |
UKBPH |
| 700 1# - ADDED ENTRY--PERSONAL NAME |
| Personal name |
Poljanšek, Mojca |
| Relationship |
aut |
| 700 1# - ADDED ENTRY--PERSONAL NAME |
| Personal name |
Lesič, Marianna |
| Relationship |
trl |
| 910 ## - USER-OPTION DATA (OCLC) |
| User-option data |
ukb |
| 942 ## - ADDED ENTRY ELEMENTS (KOHA) |
| Source of classification or shelving scheme |
Dewey Decimal Classification |
| Koha item type |
Odborná literatúra pre dospelých |
| Suppress in OPAC |
No |
| 949 ## - LOCAL PROCESSING INFORMATION (OCLC) |
| 6 |
1800460836 |
| a |
SL.D.77415 |
| b |
PV.3549-2010 |
| 949 ## - LOCAL PROCESSING INFORMATION (OCLC) |
| 6 |
1800460837 |
| a |
SK.D.44968 |
| b |
PV.3550-2010 |
| s |
6707:20100614 |